书目信息 |
| 题名: |
成本管理
|
|
| 作者: | 汉森, , 莫文, 著 ;黎来芳 译 | |
| 分册: | ||
| 出版信息: | 北京 中信出版社 2003.01 |
|
| 页数: | 986页 | |
| 开本: | 26cm | |
| 丛书名: | ||
| 单 册: | ||
| 中图分类: | F275.3 | |
| 科图分类: | ||
| 主题词: | 企业管理--成本管理 | |
| 电子资源: | ||
| ISBN: | 7-80073-611-3 | |
| 000 | 01172nam0 2200277 450 | |
| 001 | 0104333323 | |
| 005 | 20051012101659.50 | |
| 010 | @a7-80073-611-3@dCNY99.00 | |
| 100 | @a20030217d2003 em y0chiy0110 ea | |
| 101 | 1 | @achi@ceng |
| 102 | @aCN@b110000 | |
| 105 | @aa z 000yy | |
| 200 | 1 | @a成本管理@ACheng Ben Guan Li@d= Cost Management : Accounting and Control@e决算与控制@f(美)唐·R.汉森(Don R.ansen), (美)玛利安娜·M.莫文(Maryanne M.Mowen)著@F(mei)tang·R.han sen(Don R.ansen),(mei)ma li an na·M.mo wen(Maryanne M.Mowen)zhu@g黎来芳等译@Gli lai fang deng yi@zeng |
| 210 | @a北京@c中信出版社@d2003.01 | |
| 215 | @a986页@c图@d26cm | |
| 306 | @a汤姆森学习集团授权出版。 | |
| 330 | @a本书分别从宏观和微观角度讲授了成本管理决策、控制和核算的理论,内容包括:ABC系统、目标成本、全面质量控制、环境成本、价值链分析等。 | |
| 510 | 1 | @aCost Management@eAccounting and Control@zeng |
| 517 | 1 | @a决算与控制@AJue Suan Yu Kong Zhi |
| 606 | 1 | @a企业管理@x成本管理 |
| 690 | @aF275.3@v4 | |
| 701 | 1 | @a汉森,@Ahan sen,@bD.R.@4著 |
| 701 | 1 | @a莫文,@Amo wen,@bM.M.@4著 |
| 702 | 0 | @a黎来芳@Ali lai fang@4译 |
| 801 | 0 | @aCN@bQSSK@c20051012 |
| 905 | @a10447@dF275.3@eH114 | |
| 成本管理= Cost Management : Accounting and Control:决算与控制/(美)唐·R.汉森(Don R.ansen), (美)玛利安娜·M.莫文(Maryanne M.Mowen)著/黎来芳等译.-北京:中信出版社,2003.01 |
| 986页:图;26cm |
| ISBN 7-80073-611-3:CNY99.00 |
| 本书分别从宏观和微观角度讲授了成本管理决策、控制和核算的理论,内容包括:ABC系统、目标成本、全面质量控制、环境成本、价值链分析等。 |
| ● |
| 相关链接 |
|
|
|
正题名:成本管理
索取号:F275.3/H114
 
预约/预借
| 序号 | 登录号 | 条形码 | 馆藏地/架位号 | 状态 | 备注 |
| 1 | 567032 | 205670326 | 社科库409/409社科库 95排3列3层/ [索取号:F275.3/H114] | 在馆 | |
| 2 | 567033 | 205670335 | 社科库409/409社科库 95排3列3层/ [索取号:F275.3/H114] | 在馆 |